Peace journalism : (Record no. 1308)

MARC details
000 -LEADER
fixed length control field 00546nam a22001817a 4500
003 - CONTROL NUMBER IDENTIFIER
control field BD-DhJNU
005 - DATE AND TIME OF LATEST TRANSACTION
control field 20250212050444.0
008 - FIXED-LENGTH DATA ELEMENTS--GENERAL INFORMATION
fixed length control field 250212b |||||||| |||| 00| 0 eng d
040 ## - CATALOGING SOURCE
Original cataloging agency BD-DhJNU
Language of cataloging ENG
Transcribing agency BD-DhJNU
Modifying agency BD-DhJNU
082 ## - DEWEY DECIMAL CLASSIFICATION NUMBER
Edition number 23
Classification number 070.4333
100 ## - MAIN ENTRY--PERSONAL NAME
Personal name McGoldrick, Annabel
245 ## - TITLE STATEMENT
Title Peace journalism :
Remainder of title what is it? how to do it? /
Statement of responsibility, etc. Annabel McGoldrick and Jake Lynch
260 ## - PUBLICATION, DISTRIBUTION, ETC.
Place of publication, distribution, etc. Turkey :
Name of publisher, distributor, etc. Reporting the World,
Date of publication, distribution, etc. 2000.
300 ## - PHYSICAL DESCRIPTION
Extent 50 p. :
Other physical details ill. ;
Dimensions 24 cm.
650 ## - SUBJECT ADDED ENTRY--TOPICAL TERM
Topical term or geographic name entry element Journalism
700 ## - ADDED ENTRY--PERSONAL NAME
Personal name Lynch, Jake
942 ## - ADDED ENTRY ELEMENTS (KOHA)
Source of classification or shelving scheme Dewey Decimal Classification
Koha item type Books
Suppress in OPAC No
Holdings
Withdrawn status Lost status Source of classification or shelving scheme Damaged status Not for loan Collection Home library Current library Shelving location Date acquired Source of acquisition Total checkouts Full call number Barcode Date last seen Copy number Price effective from Koha item type
    Dewey Decimal Classification     Non-fiction Jagannath University Central Library Jagannath University Central Library General stacks 02/12/2025 Purchased   070.4333 MCP JNUCL31480 02/12/2025 1 02/12/2025 Books
    Dewey Decimal Classification     Non-fiction Jagannath University Central Library Jagannath University Central Library General stacks 02/12/2025 Purchased   070.4333 MCP JNUCL31481 02/12/2025 2 02/12/2025 Books